ՀՀ Գիտությունների ազգային ակադեմիայի հիմնարար գիտական գրադարան  =   Fundamental Scientific Library of NAS RA

Խորտակուած կեանքեր : (Record no. 525905)

MARC details
000 -LEADER
fixed length control field 00797nam a2200229 a 4500
001 - CONTROL NUMBER
control field 001125550
003 - CONTROL NUMBER IDENTIFIER
control field AM-YEHGA
005 - DATE AND TIME OF LATEST TRANSACTION
control field 20250617164550.0
008 - FIXED-LENGTH DATA ELEMENTS--GENERAL INFORMATION
fixed length control field 160127s2015 cau||||gr|||||||||1|arm|d
020 ## - INTERNATIONAL STANDARD BOOK NUMBER
International Standard Book Number 9780990348368
040 ## - CATALOGING SOURCE
Original cataloging agency AM-YeHGA
041 0# - LANGUAGE CODE
Language code of text/sound track or separate title arm
090 ## - LOCALLY ASSIGNED LC-TYPE CALL NUMBER (OCLC); LOCAL CALL NUMBER (RLIN)
-- 563256
100 1# - MAIN ENTRY--PERSONAL NAME
Personal name Սեզա, Սիրան,
Dates associated with a name 1903-1973
245 10 - TITLE STATEMENT
Title Խորտակուած կեանքեր :
Remainder of title [Վեպ] /
Statement of responsibility, etc. Սիրան Սեզա, խմբագիր և առաջաբան Մ. Գոճայեան.
260 ## - PUBLICATION, DISTRIBUTION, ETC.
Place of publication, distribution, etc. Լոս Անճելըս :
Name of publisher, distributor, etc. Վահագն Քիւփէլեան,
Date of publication, distribution, etc. 2015.
300 ## - PHYSICAL DESCRIPTION
Extent 642 էջ ;
Dimensions 23 սմ.
650 14 - SUBJECT ADDED ENTRY--TOPICAL TERM
Topical term or geographic name entry element Սփյուռքահայ արձակ
650 14 - SUBJECT ADDED ENTRY--TOPICAL TERM
Topical term or geographic name entry element Հայ արձակ
Geographic subdivision Լիբանան
700 1# - ADDED ENTRY--PERSONAL NAME
Personal name Գոճայեան, Մինաս
Relator term խմբ. և առաջաբ.
Relationship edt
-- aui
942 ## - ADDED ENTRY ELEMENTS (KOHA)
Source of classification or shelving scheme Universal Decimal Classification
Koha item type Գրքեր / Books
Holdings
Withdrawn status Lost status Source of classification or shelving scheme Damaged status Not for loan Collection Home library Current library Date acquired Total checkouts Full call number Barcode Date last seen Price effective from Koha item type Public note
    Universal Decimal Classification     General Fundamental Scientific Library Fundamental Scientific Library 22/09/2022   AII/108772 FL0677003 22/09/2022 22/09/2022 Գրքեր / Books 30 Days Loan
    Universal Decimal Classification     General Fundamental Scientific Library Fundamental Scientific Library 08/02/2023   AII/109515 FL0678234 08/02/2023 08/02/2023 Գրքեր / Books 30 Days Loan


ՀՀ ԳԱԱ հիմնարար գիտական գրադարան
ՀՀ,Երևան 0019
Մարշալ Բաղրամյան 24/6
հեռախոս:(374-10) 52-47-50
Հետադարձ կապ

All site content, except where otherwise noted, is licensed under a
Creative Commons License